000 01082cam a22003131i 4500
001 7825291
003 EG-ScBUE
005 20250612141046.0
008 780630s1961 enka f 001 0 eng d
035 _a(OCoLC)4022154
040 _aDLC
_beng
_erda
_cAzU
_dOCoLC
_dDLC
_dEG-ScBUE
082 0 4 _a535.3
_222
_bMIT
100 1 _aMitchell, Allan C. G.
_q(Allan Charles Gray),
_d1902-
_eauthor.
_96498
245 1 0 _aResonance radiation and excited atoms,
_cby Allan C.G. Mitchell, Ph.D. and Mark W. Zemansky, Ph.D.
264 1 _aCambridge :
_bThe University Press,
_c1961.
300 _axvi, 338 pages :
_billustrations ;
_c22 cm
336 _2rdacontent
_atext
_btxt
337 _aunmediated
_2rdamedia
_bn
338 _avolume
_bnc
_2rdacarrier
500 _aIncludes index.
500 _aIncludes appendix.
504 _a"References" at end of each chapter.
650 0 _aRadiation.
_96500
650 7 _aFluorescence.
_2BUEsh
_96501
650 7 _aAtoms.
_2BUEsh
_96502
655 _vReading book
700 1 _aZemansky, Mark Waldo,
_d1900-
_ejoint author.
_96503
942 _2ddc
_cBB
999 _c11909
_d11909